000 00546nam a2200217Ia 4500
003 OSt
005 20220928145111.0
006 a|||||r|||| 00| 0
007 ta
008 220927b |||||||| |||| 00| 0 eng d
024 _a78814
037 _cTextual
040 _aSDCL
_cSDCL
_beng
041 _2eng
_aeng
082 _aS8:771:(T), N9
100 _aChibber S K
_9511706
245 0 _aGuidance and educational counselling.
260 _c1999
942 _hS8:771:(T), N9
_cTEXL
_2CC
999 _c832005
_d832005